| 000 | 00549ntaaa2200205 4500 | ||
|---|---|---|---|
| 003 | 01 | ||
| 005 | 20251027203059.0 | ||
| 008 | 0714s1973 ag 01 | ||
| 020 | _a8476456492 | ||
| 040 |
_aAR-BaBN _bspa _cAR-BaBN _eaacr _dRIC |
||
| 082 | _a234.1300 K95d | ||
| 100 |
_aKuen, Alfred _911734 |
||
| 245 | _aDones para el servicio | ||
| 250 | _a1 ed. | ||
| 260 |
_aTerrassa : _bClie, _c1993 |
||
| 300 |
_a203, [208] p ; _c20 cm |
||
| 500 | _aBibliografia: p 197-203. Contiene notas y referencias bibliografcas. | ||
| 650 |
_aDones _91809 |
||
| 942 | _cBK | ||
| 999 |
_c26233 _d26233 |
||